Marquez EMS Gulam & Others (Record no. 137981)

MARC details
000 -LEADER
fixed length control field 00540nam a22002057a 4500
003 - CONTROL NUMBER IDENTIFIER
control field OSt
005 - DATE AND TIME OF LATEST TRANSACTION
control field 20260420145535.0
008 - FIXED-LENGTH DATA ELEMENTS--GENERAL INFORMATION
fixed length control field 260420b |||||||| |||| 00| 0 eng d
020 ## - INTERNATIONAL STANDARD BOOK NUMBER
International Standard Book Number 978-93-5629-567-4
040 ## - CATALOGING SOURCE
Transcribing agency SBCL
082 ## - DEWEY DECIMAL CLASSIFICATION NUMBER
Classification number 823
Item number BEN-M
100 ## - MAIN ENTRY--PERSONAL NAME
Personal name Benyamin
245 ## - TITLE STATEMENT
Title Marquez EMS Gulam & Others
Remainder of title Selected Short Stories
260 ## - PUBLICATION, DISTRIBUTION, ETC.
Place of publication, distribution, etc. Haryana
Name of publisher, distributor, etc. HarperCollins Publishers
Date of publication, distribution, etc. 2023
300 ## - PHYSICAL DESCRIPTION
Extent 214p.
630 ## - SUBJECT ADDED ENTRY--UNIFORM TITLE
General subdivision Literature
650 ## - SUBJECT ADDED ENTRY--TOPICAL TERM
Topical term or geographic name entry element English and Old English Literatures
650 ## - SUBJECT ADDED ENTRY--TOPICAL TERM
Topical term or geographic name entry element English Fiction
942 ## - ADDED ENTRY ELEMENTS (KOHA)
Koha item type BOOK
Holdings
Withdrawn status Lost status Source of classification or shelving scheme Damaged status Not for loan Home library Current library Date acquired Total Checkouts Full call number Barcode Shelving location Date last seen Price effective from Koha item type
    Dewey Decimal Classification     SB LIBRARY SB LIBRARY 20/04/2026   823 BEN-M 143331 GENERAL STACK 20/04/2026 20/04/2026 BOOK

Powered by Koha